Использование промышленных отходов для кондиционирования минеральных удобрений; Экотехнологии и ресурсосбережение; № 4

Opis bibliograficzny
Parent link:Экотехнологии и ресурсосбережение: научно-технический журнал/ Национальная академия наук Украины (НАНУ) ; Институт газа Украины.— , 1994-2008.— 0235-3482
№ 4.— 2004.— С. 40-42
1. autor: Стрельцов О. А.
Kolejni autorzy: Федун О. С.
Język:rosyjski
Wydane: 2004
Seria:Очистка и переработка отходов
Hasła przedmiotowe:
Format: Rozdział
KOHA link:https://koha.lib.tpu.ru/cgi-bin/koha/opac-detail.pl?biblionumber=392851

MARC

LEADER 00000naa2a2200000 4500
001 392851
005 20231101064321.0
035 |a (RuTPU)RU\TPU\prd\28496 
090 |a 392851 
100 |a 20041004a2004 k y0rusy50 ca 
101 0 |a rus 
102 |a UA 
200 1 |a Использование промышленных отходов для кондиционирования минеральных удобрений  |f О. А. Стрельцов, О. С. Федун 
225 1 |a Очистка и переработка отходов 
320 |a Библиогр.: 5 назв. 
461 1 |0 (RuTPU)RU\TPU\prd\1029  |x 0235-3482  |t Экотехнологии и ресурсосбережение  |o научно-технический журнал  |f Национальная академия наук Украины (НАНУ) ; Институт газа Украины  |d 1994-2008 
463 1 |0 (RuTPU)RU\TPU\prd\27099  |t № 4  |v С. 40-42  |d 2004 
610 1 |a промышленные отходы 
610 1 |a аммиачная селитра 
610 1 |a карбамид 
610 1 |a минеральные удобрения 
610 1 |a кондиционирование 
610 1 |a безотходные производства 
675 |a 661.525:628.387.2  |v 3 
700 1 |a Стрельцов  |b О. А. 
701 1 |a Федун  |b О. С. 
801 1 |a RU  |b 63413507  |c 20041004  |g PSBO 
801 2 |a RU  |b 63413507  |c 20120412  |g PSBO 
942 |c BK